Mitglieder der ALADI (Asociación Latinoamericana de Integración) - Statistiken

Allgemein
  • Dieses Quiz wurde 4 mal gespielt
  • Das Durchschnittsergebnis liegt bei 12 aus 13
Antwortstatistiken
Beitrittsjahr Antwort % Korrekt
1980 Argentinien
100%
1980 Brasilien
100%
1980 Chile
100%
1980 Ecuador
100%
1980 Kolumbien
100%
1999 Kuba
100%
1980 Mexiko
100%
1980 Peru
100%
1980 Venezuela
100%
1980 Bolivien
75%
2011 Panama
75%
1980 Paraguay
75%
1980 Uruguay
50%
Keine übereinstimmenden Quizze gefunden
Verteilung der Resultate
Anzahl Personen mit jedem Resultat
Perzentil nach korrekt beantworteten Fragen
Ihre Resultats-Entwicklung
Sie haben dieses Quiz noch nicht gespielt